00429nam a2200169Ia 4500003000400000005001700004008004000021040001000061041000800071082001600079100001800095245006800113250000900181260005000190300001300240440000600253OSt20220219123141.0210210b1981 xxu||||| |||| 00| 0 eng d aALc  aeng a954.03 CHHA aCHHABRA (G S) aAdvanced study in the history of modern India Vol. 3 (120-1947) aed.2 aNew DelhibSterling Publishers Pvt.Ltd.c1981 aviii,245 a3